000 00313cam a22001217a 4500
008 180718b1954 xxu||||| |||| 00| 0 eng d
082 _aBA27 H653/s
100 _aHocart, A. M.
245 _aSocial origins
_cby A. M. Hocart
260 _aLondon
_bWatts
_c1954
300 _aix, 153P
650 _aPrimitive societies.
999 _c422685
_d422685